Getting agriculture moving(Karshikabhivrudhi Kaivarikaan) (Record no. 22819)

MARC details
000 -LEADER
fixed length control field 00369nam a2200121Ia 4500
082 ## - DEWEY DECIMAL CLASSIFICATION NUMBER
Classification number 338.43:631.117
Item number MOS
100 ## - MAIN ENTRY--AUTHOR NAME
Personal name MOSHER, Arthur T
245 #0 - TITLE STATEMENT
Title Getting agriculture moving(Karshikabhivrudhi Kaivarikaan)
260 ## - PUBLICATION, DISTRIBUTION, ETC. (IMPRINT)
Place of publication Trivandrum
Name of publisher State Inst of Languages
Year of publication 1977
650 ## - SUBJECT ADDED ENTRY--TOPICAL TERM
Topical Term Agricultural development
942 ## - ADDED ENTRY ELEMENTS (KOHA)
Koha item type Books
Holdings
Withdrawn status Lost status Damaged status Not for loan Home library Current library Shelving location Date acquired Full call number Accession Number Koha item type
        RRII Library RRII Library Malayalam 16/12/2021 338.43:631.117 MOS 03530 Books